Elektronický podpis a jeho využitie v poisťovníctve

Ochrana informácií v elektronickej komunikácii - elektronický podpis. Možnosti využitia elektronických podpisov v poisťovníctve.

Guardado en:
Detalles Bibliográficos
Autor principal: Kaščák, František
Formato: Capítulo de libro
Lenguaje:eslovaco
Materias:
Etiquetas: Agregar Etiqueta
Sin Etiquetas, Sea el primero en etiquetar este registro!

MARC

LEADER 00000naa a2200000 4500
001 r049640
005 20230918115121.9
041 0 |a slo 
044 |a SK 
245 1 0 |a Elektronický podpis a jeho využitie v poisťovníctve  |c František Kaščák 
520 |a Ochrana informácií v elektronickej komunikácii - elektronický podpis. Možnosti využitia elektronických podpisov v poisťovníctve. 
610 2 0 |a poisťovníctvo 
610 2 0 |a podpis elektronický 
100 1 |a Kaščák, František